| 000 | 00682nam a2200193Ii 4500 | ||
|---|---|---|---|
| 003 | JO-AjNU | ||
| 008 | 230605s9999||||xx |||||||||||||| ||und|| | ||
| 040 |
_aJO-AjNU _bara _erda _cJO-AjNU |
||
| 041 | _aara | ||
| 050 | 1 | 4 | _aHM61 .A43 1964 |
| 100 | 3 |
_aاحمد، احمد كمال, _eauthor _918615 |
|
| 245 | 0 | 0 | _aقراءات في الخدمة الاجتماعية 1964 |
| 264 | 3 | 1 | _aالقاهرة: مكتبة القاهرة الحديثة، 1964 |
| 300 |
_a279ص _bيحتوي على ببلوغرافية من 277-279ص |
||
| 336 |
_atext _btxt _2rdacontent |
||
| 337 |
_aunmediated _bn _2rdamedia |
||
| 338 |
_avolume _bnc _2rdacarrier |
||
| 650 | 4 |
_aعلم الاجتماع _918616 |
|
| 999 |
_aA5987 _c9555 _d9555 |
||